000 01941nam a2200229 a 4500
003 OSt
005 20240314191552.0
008 190807s1990 dr 000 spa d
040 _aDO-SdBNP
_bspa
_cBNPHU
082 _a340.02
_bR263d
100 1 _aMilton Ray Guevara
_d1948-
_978143
245 0 _aDoctrina juridica dominicana :
_b un aporte personal /
_cMilton Ray Guevara
260 _aSanto Domingo :
_bTaller,
_c1990.
300 _a235 p. ;
_c22 cm.
500 _aIncluye referencias bibliográficas y notas al pie de las páginas
505 _aDedicatoria -- Palabras liminares -- Principios generales de la conciliación y el arbitraje -- La fusión de sociedades comerciales: algunos principios generales -- El sida y el derecho -- La igualdad de los esposos en el derecho moderno -- El diálogo tripartito: su contenido jurídico social -- El banquero: el secreto y el secreto profesional de artículo del código penal -- Soberanía nacional y recursos naturales -- ¿Mar matrimonial o mar patrimonial? -- La conferencia del mar -- Anteproyecto de reforma constitucional para la administración pública -- La regulación legislativa de los grupos financieros bancarios -- La declaración universal de los derechos del hombre: análisis crítico -- La interpelación es bicameral -- El mecanismo de sustitución vicepresidencial -- Partidos políticos: algunas consideraciones -- Organizaciones políticas: alianzas y democracia interna -- El consejo económico y social -- Algunos elementos para una reforma constitucional en la República Dominicana -- El Senado de la República, ¿Cuál reforma? -- Imbroglio constitucional -- El decreto 200-90: tres vertientes -- Ambiente conceptual para una legislación de grupos financieros bancarios
590 _aInventariado, 2020/VM
650 7 _2Lemb
_aDerecho
_x
_zRepública Dominicana
_976722
910 _aEn proceso
942 _2ddc
_cLF1
956 _aVMateo
999 _c48761
_d48761